Metafísica de la vida : homenaje a Alejandro Vigo /

Detalles Bibliográficos
Otros Autores: Casales García, Roberto (Editor), Bernal Madrigal, Uriel Ulises (Editor), Vigo, Alejandro G., 1958- (honouree.)
Formato: Electrónico eBook
Lenguaje:español
Publicado: Bogotá, Colombia : Editorial Aula de Humanidades, 2023.
Edición:Primera edición.
Colección:Colección Filosofía (Editorial Aula de Humanidades). Serie ¡Enseñar filosofía!
Materias:
Acceso en línea:Digitalia Hispánica

MARC

LEADER 00000nam a2200000Ii 4500
001 DIGAUHUM0094
003 NyNyDIG
006 m o d
007 cr |||||||||||
008 260205s2023 ck ob 010 0 spa d
035 |a (OCoLC)1573182114 
040 |a DGITA  |b eng  |e rda  |e pn  |c DGITA 
020 |a 9786287625372  |q (versión digital) 
020 |z 9786287625365  |q (versión impresa) 
050 1 4 |a BD95 ebook 
245 0 0 |a Metafísica de la vida :  |b homenaje a Alejandro Vigo /  |c Roberto Casales García, Uriel Ulises Bernal Madrigal, editores. 
246 3 0 |a Homenaje a Alejandro Vigo 
250 |a Primera edición. 
264 1 |a Bogotá, Colombia :  |b Editorial Aula de Humanidades,  |c 2023. 
300 |a 1 online resource. 
336 |a text  |b txt  |2 rdacontent 
337 |a computer  |b c  |2 rdamedia 
338 |a online resource  |b cr  |2 rdacarrier 
347 |a text file  |2 rdaft 
347 |b PDF 
490 1 |a Colección: Filosofía. Serie: ¡Enseñar Filosofía! 
504 |a Includes bibliographical references. 
588 0 |a Online resource; title from PDF title page (Digitalia, viewed February 5, 2026) 
600 1 0 |a Vigo, Alejandro G.,  |d 1958- 
650 0 |a Metaphysics. 
650 0 |a Knowledge, Theory of.  
650 0 |a Reason. 
700 1 |a Casales García, Roberto,  |e editor. 
700 1 |a Bernal Madrigal, Uriel Ulises,  |e editor. 
700 1 |a Vigo, Alejandro G.,  |d 1958-  |e honouree. 
791 2 |a Digitalia (Firm),  |e distributor. 
793 0 |g Digitalia eBook Collection:  |a Editorial Aula de Humanidades 
776 0 8 |i Print version:  |t Metafísica de la vida.  |b Primera edición.  |d Bogotá, Colombia : Editorial Aula de Humanidades, 2023  |z 9786287625365 
830 0 |a Colección Filosofía (Editorial Aula de Humanidades).  |p Serie ¡Enseñar filosofía! 
856 4 0 |3 Digitalia Hispánica  |u https://www.digitaliapublishing.com/a/180813/ 
910 |a Premium collection: 2026